[Event "8th EUR-ch"]
[Site "Dresden GER"]
[Date "2007.04.11"]
[Round "8.125"]
[White "Erturan, Yakup"]
[Black "Smeets, Jan"]
[Result "1/2-1/2"]
[WhiteElo "2383"]
[BlackElo "2552"]
[EventDate "2007.04.03"]
[PlyCount "43"]

1.e4 e5 2.Nf3 Nc6 3.Bb5 Nf6 4.d3 d6 5.c3 g6 6.Nbd2 Bg7 7.Nf1 O-O 8.Ng3 a6 
9.Ba4 b5 10.Bc2 d5 11.O-O Re8 12.Bg5 h6 13.Bxf6 Bxf6 14.d4 exd4 15.cxd4 
dxe4 16.Bxe4 Bb7 17.Qc1 Qd6 18.Qxh6 Rab8 19.Rfe1 Qf8 20.Qf4 Qd6 21.Qh6 Qf8
22.Qf4 1/2-1/2

[Event "8th EUR-ch"]
[Site "Dresden GER"]
[Date "2007.04.11"]
[Round "8.127"]
[White "Berescu, Alin"]
[Black "Bach, Matthias"]
[Result "1/2-1/2"]
[WhiteElo "2514"]
[BlackElo "2364"]
[EventDate "2007.04.03"]
[PlyCount "78"]

1.e4 c5 2.Nf3 Nf6 3.e5 Nd5 4.Nc3 Nxc3 5.dxc3 Nc6 6.Bf4 e6 7.Qe2 b5 8.O-O-O
b4 9.c4 h6 10.h4 Bb7 11.h5 Qa5 12.Kb1 O-O-O 13.Qe3 Be7 14.Be2 Rhg8 15.Bg3 
Nd4 16.Nxd4 cxd4 17.Qxd4 Bxg2 18.Rh2 Bc6 19.Bh4 f6 20.exf6 gxf6 21.Bxf6 
Bxf6 22.Qxf6 Rdf8 23.Qd4 Qc7 24.Rh3 Rf4 25.Qc5 Qb6 26.Qxb6 axb6 27.Rh2 Bg2
28.Kc1 Rxf2 29.Kd2 Rg3 30.Ke1 Rf4 31.Rd3 Rxd3 32.cxd3 Bc6 33.Rh3 Kd8 34.
Rg3 Ke7 35.Kd2 d6 36.Ke3 e5 37.Rg8 Rf8 38.Rg7+ Rf7 39.Rg8 Rf8 1/2-1/2

[Event "8th EUR-ch"]
[Site "Dresden GER"]
[Date "2007.04.11"]
[Round "8.128"]
[White "Zysk, Robert"]
[Black "Pajeken, Wolfgang"]
[Result "0-1"]
[WhiteElo "2483"]
[BlackElo "2346"]
[EventDate "2007.04.03"]
[PlyCount "84"]

1.d4 Nf6 2.Nf3 e6 3.c4 c5 4.d5 exd5 5.cxd5 d6 6.Nc3 g6 7.e4 Bg7 8.Bd3 O-O 
9.O-O a6 10.h3 b5 11.Bf4 Nh5 12.Bg5 Bf6 13.Bh6 Re8 14.Qd2 Nd7 15.g4 Ng7 
16.Rae1 Nb6 17.Qf4 b4 18.Nd1 Ra7 19.Kg2 c4 20.Bc2 a5 21.h4 a4 22.Bg5 Bxg5 
23.hxg5 b3 24.axb3 cxb3 25.Bd3 Rf8 26.Nd4 Rc7 27.Nc6 Ne6 28.Qg3 Qxg5 29.f4
Qf6 30.g5 Qg7 31.Qf2 Nc5 32.Bb1 Ba6 33.Rh1 f6 34.gxf6 Qxf6 35.e5 dxe5 36.
Qxc5 Qxf4 37.Re3 Bf1+ 38.Rxf1 Qxf1+ 39.Kh2 Rcf7 40.Ne7+ Kh8 41.Bf5 Qxd1 
42.d6 Qd4 0-1

[Event "8th EUR-ch"]
[Site "Dresden GER"]
[Date "2007.04.11"]
[Round "8.130"]
[White "Handke, Florian"]
[Black "Dinger, Florian"]
[Result "1-0"]
[WhiteElo "2459"]
[BlackElo "2317"]
[EventDate "2007.04.03"]
[PlyCount "77"]

1.e4 c5 2.Nf3 e6 3.Nc3 Nc6 4.Bb5 Nge7 5.O-O e5 6.d3 Ng6 7.Ng5 Be7 8.Qh5 
Nd4 9.Bc4 Ne6 10.Nh3 d6 11.Nd5 O-O 12.Bd2 Bd7 13.a4 b6 14.c3 a6 15.Bb3 b5 
16.axb5 axb5 17.Rae1 Rc8 18.g3 c4 19.Bc2 cxd3 20.Bxd3 Nc5 21.Bb1 Bc6 22.
Ba2 Ra8 23.Bb1 Ra4 24.Nb4 Bd7 25.f4 exf4 26.gxf4 Qc8 27.f5 Ne5 28.Kh1 Kh8 
29.Nd5 Bd8 30.Nhf4 Bc6 31.Rg1 Bxd5 32.Nxd5 g6 33.Qh6 Rg8 34.Rg3 f6 35.fxg6
Nxg6 36.Reg1 Nxe4 37.Bxe4 Rxe4 38.Rxg6 Ree8 39.Qxh7+ 1-0

[Event "8th EUR-ch"]
[Site "Dresden GER"]
[Date "2007.04.11"]
[Round "8.131"]
[White "Vehi Bach, Victor"]
[Black "Marzolo, Cyril"]
[Result "1-0"]
[WhiteElo "2377"]
[BlackElo "2459"]
[EventDate "2007.04.03"]
[PlyCount "91"]

1.e4 e6 2.d4 d5 3.Nc3 Bb4 4.e5 c5 5.a3 Bxc3+ 6.bxc3 Ne7 7.Qg4 O-O 8.Bd3 f5
9.exf6 Rxf6 10.Bg5 Rf7 11.Qh5 g6 12.Qd1 Qa5 13.Bd2 Nbc6 14.Nf3 Qc7 15.dxc5
e5 16.Ng5 Rf8 17.c4 e4 18.cxd5 exd3 19.d6 Qd7 20.dxe7 Qxe7+ 21.Be3 Rf5 22.
h4 h6 23.Nf3 Be6 24.Qxd3 Rd8 25.Qc3 Bd5 26.O-O-O Bxf3 27.gxf3 Kh7 28.Rxd8 
Qxd8 29.Rd1 Rd5 30.Rxd5 Qxd5 31.Qf6 Qe5 32.Qd6 h5 33.f4 Qe4 34.f5 Qxf5 35.
Qc7+ Kg8 36.Qxb7 Qe6 37.Kb1 Kf8 38.Qc7 Ke8 39.Qd6 Qxd6 40.cxd6 Kd7 41.Bf4 
Nd4 42.Bg3 Ne6 43.Kc1 g5 44.hxg5 Nxg5 45.Kd1 a5 46.Ke2 1-0

[Event "8th EUR-ch"]
[Site "Dresden GER"]
[Date "2007.04.11"]
[Round "8.132"]
[White "Guseinov, Elmir"]
[Black "Michalczak, Thomas"]
[Result "1-0"]
[WhiteElo "2457"]
[BlackElo "2325"]
[EventDate "2007.04.03"]
[PlyCount "89"]

1.e4 e5 2.Nf3 Nc6 3.Nc3 Nf6 4.g3 Bb4 5.Bg2 Bxc3 6.dxc3 d6 7.Qe2 O-O 8.h3 
Re8 9.O-O b6 10.Nh4 Bb7 11.Bd2 Qd7 12.b3 a5 13.a4 Ba6 14.c4 Nd4 15.Qd3 Bb7
16.Bg5 Kh8 17.Bxf6 gxf6 18.f4 Rg8 19.Rf2 Rg7 20.f5 Rag8 21.g4 h5 22.gxh5 
Rg3 23.Qd2 R8g5 24.Kh2 Qe8 25.Re1 Qg8 26.Bf3 Kh7 27.Bd1 Rg1 28.c3 Nxb3 29.
Bxb3 Bxe4 30.Bd1 R5g3 31.Rxg1 Rxg1 32.Ng2 Rxg2+ 33.Rxg2 Bxg2 34.Qxg2 Qd8 
35.Bf3 Kh6 36.Be4 Qe8 37.Bc6 Qd8 38.Qg4 Kh7 39.Qh4 Qh8 40.h6 Qd8 41.Bd5 
Qe7 42.Qh5 Qf8 43.Qxf7+ Qxf7 44.Bxf7 Kxh6 45.h4 1-0

[Event "8th EUR-ch"]
[Site "Dresden GER"]
[Date "2007.04.11"]
[Round "8.133"]
[White "Donchenko, Anatoly"]
[Black "Esen, Baris"]
[Result "1/2-1/2"]
[WhiteElo "2374"]
[BlackElo "2455"]
[EventDate "2007.04.03"]
[PlyCount "119"]

1.c4 Nf6 2.Nc3 g6 3.e4 d6 4.d4 Bg7 5.Nf3 O-O 6.Be2 Bg4 7.Be3 Nfd7 8.Ng1 
Bxe2 9.Ngxe2 c5 10.Qd2 a6 11.f3 Nc6 12.O-O Qa5 13.a3 cxd4 14.Nxd4 Nxd4 15.
Bxd4 Bxd4+ 16.Qxd4 Qc5 17.Qxc5 dxc5 18.Rfd1 Rfd8 19.Na4 Kf8 20.Kf1 Rab8 
21.Rac1 Ke8 22.Ke2 b6 23.Rd5 Rdc8 24.Rd2 Rb7 25.f4 Rc6 26.Rdc2 Rbc7 27.Nc3
Rb7 28.e5 g5 29.g3 gxf4 30.gxf4 f6 31.exf6 Nxf6 32.Kf3 Rd7 33.Re1 Kf7 34.
Rce2 Rd3+ 35.Re3 Rcd6 36.b3 Rxe3+ 37.Rxe3 Rd4 38.h3 Ke8 39.Na4 Nd7 40.Nc3 
Nf6 41.Na4 Rd6 42.Nc3 Kf7 43.Na4 h6 44.Nc3 e6 45.Na4 Nd7 46.Nc3 Nb8 47.Ne4
Rd8 48.b4 cxb4 49.axb4 Nc6 50.c5 b5 51.Nd6+ Kf6 52.Re4 Rg8 53.Kf2 h5 54.
Kf3 h4 55.Kf2 Ra8 56.Kf3 Rg8 57.Kf2 Ra8 58.Kf3 Rh8 59.Ke2 Rg8 60.Kf2 
1/2-1/2

[Event "8th EUR-ch"]
[Site "Dresden GER"]
[Date "2007.04.11"]
[Round "8.134"]
[White "Bakalarz, Mieczyslaw"]
[Black "Orlov, Andrey"]
[Result "0-1"]
[WhiteElo "2373"]
[BlackElo "2447"]
[EventDate "2007.04.03"]
[PlyCount "77"]

1.d4 Nf6 2.Nf3 g6 3.c4 Bg7 4.Nc3 O-O 5.Bf4 c5 6.d5 d6 7.e4 a6 8.a4 Qa5 9.
Bd2 e6 10.Be2 exd5 11.exd5 Bg4 12.O-O Nbd7 13.h3 Bxf3 14.Bxf3 Qc7 15.Qc2 
Rae8 16.a5 Re7 17.Na4 Rfe8 18.Rfe1 Ne5 19.Be2 h6 20.f4 Nc6 21.dxc6 Rxe2 
22.Rxe2 Rxe2 23.Qd3 Re4 24.cxb7 Qxb7 25.Qf3 Qe7 26.Nb6 Qe6 27.Kf1 h5 28.
Re1 Qf5 29.b3 Bh6 30.Rxe4 Nxe4 31.Bc1 Nf6 32.Kg1 Qb1 33.Qe3 Ne4 34.Nd5 Bg7
35.Kh2 Bd4 36.Qe1 f5 37.h4 Kf7 38.b4 Qd3 39.Be3 0-1

[Event "8th EUR-ch"]
[Site "Dresden GER"]
[Date "2007.04.11"]
[Round "8.135"]
[White "Gutman, Lev"]
[Black "Becker, Michael"]
[Result "1-0"]
[WhiteElo "2444"]
[BlackElo "2313"]
[EventDate "2007.04.03"]
[PlyCount "57"]

1.Nf3 c5 2.g3 Nc6 3.d4 cxd4 4.Nxd4 g6 5.Nxc6 bxc6 6.Bg2 Bg7 7.O-O Rb8 8.
Nd2 h5 9.e4 h4 10.Re1 hxg3 11.hxg3 d6 12.e5 d5 13.Nb3 Bh3 14.Bxh3 Rxh3 15.
Qg4 Rh5 16.e6 Nf6 17.exf7+ Kxf7 18.Qe6+ Kf8 19.Bf4 Rb4 20.Nc5 Rxf4 21.gxf4
Qe8 22.Re5 Rh4 23.Rae1 Rg4+ 24.Kf1 Rxf4 25.Qxe7+ Qxe7 26.Rxe7 Ne4 27.R7xe4
Rxe4 28.Nxe4 dxe4 29.b3 1-0

[Event "8th EUR-ch"]
[Site "Dresden GER"]
[Date "2007.04.11"]
[Round "8.140"]
[White "Swinkels, Robin"]
[Black "Giemsa, Stephan"]
[Result "1/2-1/2"]
[WhiteElo "2422"]
[BlackElo "2286"]
[EventDate "2007.04.03"]
[PlyCount "72"]

1.e4 e6 2.d4 d5 3.Nc3 dxe4 4.Nxe4 Nd7 5.Nf3 Ngf6 6.Bg5 h6 7.Nxf6+ Nxf6 8.
Be3 Nd5 9.Bd3 Nxe3 10.fxe3 Bd6 11.O-O Qe7 12.Nd2 O-O 13.Qf3 e5 14.c3 Bd7 
15.Rae1 Rae8 16.Ne4 b6 17.Qh5 exd4 18.exd4 f5 19.Nxd6 Qxd6 20.Rxe8 Bxe8 
21.Qh3 f4 22.Re1 Bf7 23.a3 c5 24.Qf5 g6 25.Qe5 Rd8 26.Qxd6 Rxd6 27.Re4 
cxd4 28.Rxd4 Rxd4 29.cxd4 Kg7 30.Be4 Kf6 31.Kf2 g5 32.g3 fxg3+ 33.Kxg3 Be6
34.Bf3 Bf7 35.Be4 Be6 36.Bf3 Bf7 1/2-1/2

[Event "8th EUR-ch"]
[Site "Dresden GER"]
[Date "2007.04.11"]
[Round "8.141"]
[White "Becker, Martin"]
[Black "Figura, Atila Gajo"]
[Result "1/2-1/2"]
[WhiteElo "2330"]
[BlackElo "2416"]
[EventDate "2007.04.03"]
[PlyCount "123"]

1.d4 Nf6 2.c4 g6 3.Nc3 d5 4.Nf3 Bg7 5.Bg5 Ne4 6.cxd5 Nxg5 7.Nxg5 e6 8.Nf3 
exd5 9.b4 O-O 10.e3 Be6 11.Bd3 c6 12.Rc1 Nd7 13.O-O a5 14.b5 c5 15.dxc5 
Nxc5 16.Bb1 Rc8 17.Nd4 Nd7 18.f4 Nb6 19.f5 Bd7 20.Qd3 Re8 21.Rf3 Nc4 22.
Rh3 Qg5 23.Re1 Ne5 24.Qd2 Rc4 25.Nce2 Ng4 26.Rg3 Rxe3 27.Rxg4 Qxg4 28.Qxe3
Bxd4 29.Nxd4 Qxd4 30.Bd3 Qxe3+ 31.Rxe3 Rb4 32.fxg6 hxg6 33.Re7 Bxb5 34.a3 
Rb3 35.Rxb7 Rxd3 36.Rxb5 a4 37.Kf2 Rxa3 38.Rxd5 Rb3 39.Ra5 a3 40.h4 Kf8 
41.Ra7 f5 42.Ra6 Kg7 43.g3 Kh6 44.Kg2 f4 45.gxf4 Kh5 46.Kf2 Rc3 47.Kg2 Rb3
48.Kf2 Kg4 49.Rxg6+ Kxf4 50.Rf6+ Ke5 51.Ra6 Kd4 52.h5 Kc3 53.Kg3 Kb2+ 54.
Kg4 a2 55.Rxa2+ Kxa2 56.h6 Rb8 57.Kg5 Ka1 58.Kg6 Kb2 59.h7 Kb3 60.Kg7 Kb4 
61.h8=R Rxh8 62.Kxh8 1/2-1/2

[Event "8th EUR-ch"]
[Site "Dresden GER"]
[Date "2007.04.11"]
[Round "8.145"]
[White "Wippermann, Till"]
[Black "Luechtemeier, Peter"]
[Result "1/2-1/2"]
[WhiteElo "2410"]
[BlackElo "2270"]
[EventDate "2007.04.03"]
[PlyCount "191"]

1.e4 c6 2.d4 d5 3.Nd2 dxe4 4.Nxe4 Bf5 5.Ng3 Bg6 6.Nh3 Nf6 7.Nf4 e5 8.Nxg6 
hxg6 9.dxe5 Qa5+ 10.Bd2 Qxe5+ 11.Qe2 Nbd7 12.Qxe5+ Nxe5 13.Be2 O-O-O 14.
Rd1 Bc5 15.O-O Rhe8 16.h3 Re7 17.Bg5 Rxd1 18.Rxd1 Rd7 19.Re1 Bb4 20.Rd1 
Rxd1+ 21.Bxd1 Nd5 22.Be2 Be7 23.Bd2 f5 24.Nf1 Bb4 25.Bc1 Bc5 26.a3 b5 27.
g3 a6 28.Kg2 Kd7 29.Nd2 Be7 30.Nf3 Nxf3 31.Kxf3 Bf6 32.Bd3 Nb6 33.c3 Ke6 
34.Ke2 c5 35.Kd1 c4 36.Be2 Nd5 37.Kc2 Be5 38.Bd2 Bd6 39.a4 Bc5 40.Be1 Nb6 
41.axb5 axb5 42.b3 Ke5 43.Bf1 Ke6 44.bxc4 bxc4 45.f3 Kd6 46.Bd2 Bf2 47.
Bf4+ Kc5 48.Kd2 Kd5 49.Bc7 Nd7 50.g4 Bb6 51.Bg3 Nc5 52.Be2 Ba5 53.Bd1 Nd3 
54.Bc2 f4 55.Bh4 Ne5 56.Be4+ Ke6 57.Bf2 g5 58.Kc2 Bc7 59.Bd4 Bd6 60.Kd2 
Ba3 61.Kc2 Bd6 62.Bb6 Kd7 63.Bd5 Be7 64.Ba5 Kd6 65.Be4 Nc6 66.Bb6 Kd7 67.
Bd5 Ne5 68.Bd4 Kd6 69.Bxe5+ Kxe5 70.Bxc4 Kd6 71.Kd3 Bf6 72.Bb3 Kc5 73.Ba4 
Be5 74.Bd1 Bf6 75.Be2 Be5 76.Bf1 Bf6 77.c4 Bb2 78.Ke4 Kd6 79.Kf5 Bf6 80.
Bd3 Kc5 81.Be2 Kd4 82.Ke6 Kc5 83.Bf1 Bb2 84.Kf5 Bf6 85.h4 gxh4 86.g5 Bd8 
87.Kxf4 h3 88.Kf5 h2 89.Bg2 Kxc4 90.f4 Ba5 91.Ke6 Bc3 92.f5 Bb2 93.f6 Bxf6
94.gxf6 gxf6 95.Kxf6 h1=Q 96.Bxh1 1/2-1/2

[Event "8th EUR-ch"]
[Site "Dresden GER"]
[Date "2007.04.11"]
[Round "8.146"]
[White "Eichner, Sebastian"]
[Black "Ardeleanu, Alin"]
[Result "1/2-1/2"]
[WhiteElo "2286"]
[BlackElo "2407"]
[EventDate "2007.04.03"]
[PlyCount "149"]

1.Nf3 g6 2.c4 Bg7 3.e4 d6 4.d4 Nf6 5.Nc3 O-O 6.h3 Na6 7.Bg5 Qe8 8.g4 e5 9.
d5 Kh8 10.Be2 Ng8 11.Qd2 f5 12.gxf5 gxf5 13.exf5 Bxf5 14.Nh4 Nc5 15.Nxf5 
Rxf5 16.Be3 e4 17.Rg1 a6 18.Rxg7 Kxg7 19.Bd4+ Kf8 20.O-O-O Qg6 21.Kb1 Re8 
22.Ka1 b6 23.Qc1 Qg5 24.Be3 Qh4 25.Rg1 Nd3 26.Qf1 Ne5 27.Bg4 Rf7 28.Nxe4 
Nxg4 29.Rxg4 Rxe4 30.Rxh4 Rxh4 31.b3 a5 32.Qg2 Rh5 33.Bd4 Rhf5 34.Qg4 Ne7 
35.Be3 h5 36.Qe4 Re5 37.Qh4 Nf5 38.Qxh5 Nxe3 39.Qh6+ Ke8 40.fxe3 Rfe7 41.
Kb2 a4 42.Ka3 axb3 43.axb3 Rxe3 44.Ka4 Kd7 45.Qf8 R3e5 46.Qg8 Re8 47.Qg4+ 
Ke7 48.Qg7+ Kd8 49.Kb5 R5e7 50.Qf6 Rg8 51.h4 Ke8 52.h5 Rgg7 53.Qf5 Rh7 54.
Qf6 Ref7 55.Qe6+ Kf8 56.h6 Re7 57.Qg6 Rhf7 58.Kc6 Rh7 59.b4 Rhf7 60.b5 Rh7
61.Qf6+ Kg8 62.Qg5+ Kf7 63.Qf5+ Kg8 64.Qg4+ Kf7 65.Qg5 Kf8 66.Kb7 Rhf7 67.
Qg6 Rh7 68.Qf5+ Kg8 69.Qg4+ Kf7 70.Qf5+ Kg8 71.Qg5+ Kf8 72.Qg6 Rhf7 73.Qg4
Rh7 74.Kc6 Kf7 75.Qf5+ 1/2-1/2

[Event "8th EUR-ch"]
[Site "Dresden GER"]
[Date "2007.04.11"]
[Round "8.148"]
[White "Logothetis, Sotirios"]
[Black "Atakisi, Umut"]
[Result "1/2-1/2"]
[WhiteElo "2221"]
[BlackElo "2392"]
[EventDate "2007.04.03"]
[PlyCount "65"]

1.d4 Nf6 2.c4 g6 3.g3 Bg7 4.Bg2 d5 5.cxd5 Nxd5 6.Nf3 Nb6 7.Nc3 Nc6 8.e3 
O-O 9.O-O Re8 10.d5 Na5 11.Nd4 Bd7 12.e4 Rc8 13.Re1 c5 14.Nf3 e5 15.b3 Bf8
16.Rb1 Na8 17.Bf1 a6 18.Qc2 b5 19.Bg5 f6 20.Be3 Nc7 21.a4 Bd6 22.Bd3 Qe7 
23.axb5 Nxb5 24.Nxb5 axb5 25.Nd2 c4 26.bxc4 bxc4 27.Qa2 cxd3 28.Qxa5 f5 
29.Rb7 f4 30.Ba7 fxg3 31.hxg3 Rf8 32.Be3 Rf7 33.Qa6 1/2-1/2

[Event "8th EUR-ch"]
[Site "Dresden GER"]
[Date "2007.04.11"]
[Round "8.149"]
[White "Kaphle, Sebastian"]
[Black "Ziska, Helgi Dam"]
[Result "0-1"]
[WhiteElo "2010"]
[BlackElo "2389"]
[EventDate "2007.04.03"]
[PlyCount "66"]

1.e4 c5 2.Nf3 d6 3.d4 cxd4 4.Nxd4 Nf6 5.Nc3 a6 6.Be3 e6 7.f3 b5 8.a4 b4 9.
Na2 e5 10.Nb3 d5 11.exd5 Nxd5 12.Bf2 Nc6 13.Bc4 Nf4 14.Qxd8+ Nxd8 15.O-O 
Be6 16.Bxe6 Ndxe6 17.Rfe1 Rc8 18.Rac1 f6 19.Kf1 Be7 20.Re4 Kf7 21.Be1 Nd5 
22.c3 bxc3 23.Nxc3 Ndf4 24.Rd1 Rb8 25.Nd2 Nc5 26.Re3 Rxb2 27.g3 Nfe6 28.
Re2 Nd4 29.Rg2 Rhb8 30.Bf2 R8b4 31.Nde4 Nce6 32.Rd3 f5 33.Nd2 Nc5 0-1

[Event "8th EUR-ch"]
[Site "Dresden GER"]
[Date "2007.04.11"]
[Round "8.150"]
[White "Kersten, Uwe"]
[Black "Yaksin, Oleg"]
[Result "1/2-1/2"]
[WhiteElo "2292"]
[BlackElo "2258"]
[EventDate "2007.04.03"]
[PlyCount "84"]

1.e4 e5 2.d4 d6 3.Nf3 exd4 4.Nxd4 Nf6 5.Nc3 Be7 6.Bf4 Nc6 7.Qd2 Nxd4 8.
Qxd4 O-O 9.O-O-O Ng4 10.Nd5 Bf6 11.Nxf6+ Qxf6 12.Qxf6 Nxf6 13.f3 Be6 14.c4
a6 15.Be2 b5 16.b3 Nd7 17.Kb2 bxc4 18.bxc4 f5 19.Be3 fxe4 20.fxe4 Rae8 21.
Bd3 Bf7 22.Rhe1 Bg6 23.Bd4 Re7 24.Rd2 Rfe8 25.Rde2 Ne5 26.Kc3 Nxd3 27.Kxd3
c6 28.Kc3 Rxe4 29.Rxe4 Rxe4 30.Rxe4 Bxe4 31.g3 c5 32.Be3 Kf7 33.h4 Ke6 34.
Bf4 a5 35.Bg5 h6 36.Bd8 a4 37.a3 Bg6 38.Bc7 Kd7 39.Ba5 Be4 40.Bb6 Bc6 41.
Ba5 d5 42.cxd5 Bxd5 1/2-1/2

[Event "8th EUR-ch"]
[Site "Dresden GER"]
[Date "2007.04.11"]
[Round "8.151"]
[White "Nagel, Bernhard"]
[Black "Potapov, Alexander"]
[Result "1-0"]
[WhiteElo "2257"]
[BlackElo "2515"]
[EventDate "2007.04.03"]
[PlyCount "61"]

1.d4 f5 2.Nc3 d5 3.Bf4 Nf6 4.e3 c6 5.Bd3 e6 6.Nf3 Be7 7.Ne2 Ne4 8.Bxb8 
Rxb8 9.Ne5 O-O 10.O-O Bd6 11.f4 Bd7 12.Nxd7 Qxd7 13.c4 Qd8 14.Nc3 g5 15.
Bxe4 dxe4 16.g3 Rf6 17.Ne2 Rh6 18.Qb3 Kh8 19.Qc3 gxf4 20.Nxf4 Qf6 21.Rf2 
c5 22.Raf1 Rd8 23.d5 e5 24.Ne6 Rg8 25.Rxf5 Qh4 26.Qd2 Rhg6 27.R1f2 Qh3 28.
Qe2 Rh6 29.Ng5 Rxg5 30.Rxg5 Be7 31.Rgf5 1-0

[Event "8th EUR-ch"]
[Site "Dresden GER"]
[Date "2007.04.11"]
[Round "8.152"]
[White "Borriss, Martin"]
[Black "Huschenbeth, Niclas"]
[Result "1-0"]
[WhiteElo "2463"]
[BlackElo "2279"]
[EventDate "2007.04.03"]
[PlyCount "75"]

1.e4 e5 2.Nf3 Nc6 3.Bb5 a6 4.Ba4 Nf6 5.O-O Be7 6.Re1 b5 7.Bb3 O-O 8.h3 Bb7
9.d3 d6 10.a3 Na5 11.Ba2 c5 12.Nbd2 Nc6 13.Nf1 Bc8 14.c3 Be6 15.Bb1 d5 16.
exd5 Nxd5 17.Nxe5 Nxe5 18.Rxe5 Bd6 19.Bg5 Qd7 20.Re1 f5 21.d4 c4 22.Qf3 
Kh8 23.Bd2 Qf7 24.Bc2 Bc8 25.Ng3 g6 26.Bh6 Bb7 27.Qe2 Rfe8 28.Qd2 Bc7 29.
Nf1 f4 30.Nh2 Ne7 31.f3 Nd5 32.Ng4 Ne3 33.Nxe3 fxe3 34.Rxe3 Qd7 35.Rae1 
Bg3 36.Rxe8+ Rxe8 37.Rxe8+ Qxe8 38.Qe3 1-0

[Event "8th EUR-ch"]
[Site "Dresden GER"]
[Date "2007.04.11"]
[Round "8.153"]
[White "Loeffler, Stefan"]
[Black "Lubbe, Nicolas"]
[Result "1/2-1/2"]
[WhiteElo "2448"]
[BlackElo "2254"]
[EventDate "2007.04.03"]
[PlyCount "117"]

1.d4 Nf6 2.c4 c5 3.d5 d6 4.Nc3 g6 5.e4 Bg7 6.Nge2 O-O 7.Ng3 e6 8.Be2 exd5 
9.cxd5 Na6 10.O-O Nc7 11.f4 a6 12.Bf3 Rb8 13.Re1 Re8 14.e5 dxe5 15.fxe5 
Nd7 16.e6 fxe6 17.Nge4 Bd4+ 18.Kh1 Nxd5 19.Nd6 Rf8 20.Rxe6 Nc7 21.Re1 Ne5 
22.Nxc8 Qxc8 23.Bh6 Nxf3 24.Rf1 Bg7 25.Bxg7 Kxg7 26.Rxf3 Qe6 27.Rd3 Rf7 
28.Na4 Rbf8 29.Nxc5 Qc4 30.Qg1 b6 31.Rc3 Qe2 32.Nb3 Rf1 33.Rxc7+ Kh6 34.
Nd4 Rxg1+ 35.Rxg1 Qe5 36.Rd7 Rf2 37.Nf3 Qxb2 38.h4 Qb5 39.Rc7 Qa4 40.g4 g5
41.Rgc1 Rxf3 42.R1c6+ Qxc6 43.Rxc6+ Kg7 44.Rxb6 Ra3 45.Rb7+ Kf6 46.h5 h6 
47.Rb6+ Kg7 48.Rb7+ Kg8 49.Rb6 Kg7 50.Rb7+ Kf6 51.Rh7 Ke5 52.Rxh6 Kf4 53.
Rc6 Rxa2 54.h6 Ra3 55.Kg2 Ra2+ 56.Kg1 Ra1+ 57.Kg2 Ra2+ 58.Kg1 Ra1+ 59.Kg2 
1/2-1/2

[Event "8th EUR-ch"]
[Site "Dresden GER"]
[Date "2007.04.11"]
[Round "8.154"]
[White "Manca, Federico"]
[Black "Wilke, Werner"]
[Result "1-0"]
[WhiteElo "2424"]
[BlackElo "2253"]
[EventDate "2007.04.03"]
[PlyCount "57"]

1.e4 c5 2.Nf3 d6 3.d4 cxd4 4.Nxd4 Nf6 5.Nc3 a6 6.Bg5 e6 7.f4 Nbd7 8.Qf3 
Qc7 9.O-O-O b5 10.e5 Bb7 11.Qh3 dxe5 12.Nxe6 fxe6 13.Qxe6+ Be7 14.Bxf6 
gxf6 15.Be2 h5 16.Nd5 Bxd5 17.Rxd5 Rc8 18.Bd3 Nf8 19.Qxa6 e4 20.Bxe4 Qxf4+
21.Kb1 Rb8 22.Rxb5 Rd8 23.Qa4 Rd7 24.Rb7 Bd6 25.Re1 Be5 26.Bg6+ Kd8 27.
Qxf4 Rxb7 28.Rxe5 fxe5 29.Qf6+ 1-0

[Event "8th EUR-ch"]
[Site "Dresden GER"]
[Date "2007.04.11"]
[Round "8.155"]
[White "Pirrot, Dieter"]
[Black "Startsev, Vladimir"]
[Result "1/2-1/2"]
[WhiteElo "2420"]
[BlackElo "2248"]
[EventDate "2007.04.03"]
[PlyCount "154"]

1.e4 c5 2.c3 e6 3.d4 cxd4 4.cxd4 d5 5.e5 Nc6 6.Nf3 Qb6 7.Bd3 Bd7 8.O-O 
Nxd4 9.Nbd2 Nh6 10.Nxd4 Qxd4 11.Nf3 Qb6 12.Bg5 Bc5 13.Qd2 Nf5 14.Bxf5 exf5
15.a3 h6 16.b4 Bxf2+ 17.Rxf2 hxg5 18.Qxg5 Kf8 19.Rd1 Be6 20.Nd4 Qd8 21.Qd2
g6 22.g3 a6 23.Qe3 Rc8 24.Rf4 Kg7 25.Rdf1 Qe7 26.R1f2 Rc4 27.g4 Qg5 28.Qg3
Rxd4 29.Rxd4 fxg4 30.Qf4 Qxf4 31.Rdxf4 Rh3 32.a4 Rc3 33.Rd2 Kh6 34.Rff2 
Rc4 35.Rb2 b5 36.a5 d4 37.Kf1 Kg5 38.Ke2 Bf5 39.Kd2 Rc3 40.Rf1 Rh3 41.Rf2 
Rd3+ 42.Ke1 Re3+ 43.Rbe2 Rc3 44.Rb2 Rc8 45.Kd1 Re8 46.Rbe2 g3 47.hxg3 Bg4 
48.Kd2 Bxe2 49.Rxe2 f6 50.e6 f5 51.Kd3 Kf6 52.Kxd4 Rxe6 53.Rc2 g5 54.Rc8 
f4 55.g4 Kg7 56.Rc3 Rf6 57.Ke4 Kg6 58.Rc2 f3 59.Ke3 Kf7 60.Rc7+ Ke8 61.Kf2
Rf4 62.Ra7 Rxg4 63.Kxf3 Rf4+ 64.Kg3 Rxb4 65.Rxa6 Kd7 66.Rg6 g4 67.a6 Kc7 
68.Kf2 Kb8 69.Rg7 Ka8 70.Ke2 Rc4 71.Kd3 Rf4 72.Kc3 b4+ 73.Kb3 Re4 74.Ka4 
Rf4 75.Kb3 Re4 76.Ka4 Rf4 77.Kb3 Re4 1/2-1/2

[Event "8th EUR-ch"]
[Site "Dresden GER"]
[Date "2007.04.11"]
[Round "8.156"]
[White "Butnorius, Algimantas"]
[Black "Makoli, Perparim"]
[Result "1-0"]
[WhiteElo "2402"]
[BlackElo "2245"]
[EventDate "2007.04.03"]
[PlyCount "89"]

1.d4 d5 2.c4 c6 3.Nf3 Nf6 4.Nc3 a6 5.a4 e6 6.Bg5 Be7 7.e3 Nbd7 8.Bd3 h6 9.
Bh4 O-O 10.O-O c5 11.cxd5 Nxd5 12.Bxe7 Nxe7 13.Be4 Qb6 14.a5 Qxb2 15.Qd3 
cxd4 16.Qxd4 Nc6 17.Bxc6 bxc6 18.Rfb1 Qc2 19.e4 c5 20.Qe3 f5 21.Ne1 f4 22.
Qh3 Qd2 23.Rd1 Qb2 24.Rab1 Qa3 25.Qxe6+ Kh8 26.Nd5 Nf6 27.Qe7 Bg4 28.f3 
Rae8 29.Qd6 Rd8 30.Qxa6 Nxd5 31.exd5 Bf5 32.Ra1 Qe3+ 33.Kh1 Qb3 34.d6 c4 
35.Qb6 Rd7 36.Qd4 Rf6 37.a6 Rdxd6 38.Qxd6 Rxd6 39.Rxd6 Qb2 40.Rdd1 Qf2 41.
Nd3 Qa7 42.Nb4 Bd3 43.Nxd3 cxd3 44.Rxd3 Kh7 45.Rd7 1-0

[Event "8th EUR-ch"]
[Site "Dresden GER"]
[Date "2007.04.11"]
[Round "8.157"]
[White "Kalvaitis, Sigitas"]
[Black "Wichmann, Cliff"]
[Result "1/2-1/2"]
[WhiteElo "2216"]
[BlackElo "2392"]
[EventDate "2007.04.03"]
[PlyCount "76"]

1.e4 e6 2.d4 d5 3.Nc3 Nf6 4.Bg5 dxe4 5.Nxe4 Nbd7 6.Nxf6+ Nxf6 7.Nf3 h6 8.
Bh4 c5 9.dxc5 Qa5+ 10.c3 Qxc5 11.Bd3 Be7 12.Qe2 O-O 13.O-O-O Bd7 14.Ne5 
Ba4 15.Bxf6 Bxf6 16.Qe4 Rfc8 17.Qxa4 Bxe5 18.Rhe1 Rc6 19.Re2 Bf6 20.f4 Rd8
21.Qb5 Qe7 22.Red2 Rcd6 23.Be4 Rxd2 24.Rxd2 Rxd2 25.Kxd2 b6 26.g3 g6 27.
Qc6 Kg7 28.Kc2 Qd8 29.Qa8 Qc7 30.Qc6 Qd8 31.Qa8 Qe7 32.Qc6 g5 33.Bd3 Qd8 
34.Qe4 Kf8 35.f5 Qd5 36.fxe6 Qxe4 37.Bxe4 fxe6 38.Kd3 a5 1/2-1/2

[Event "8th EUR-ch"]
[Site "Dresden GER"]
[Date "2007.04.11"]
[Round "8.158"]
[White "Bruned, Boris"]
[Black "Moor, Roger"]
[Result "0-1"]
[WhiteElo "2194"]
[BlackElo "2385"]
[EventDate "2007.04.03"]
[PlyCount "114"]

1.e4 c5 2.Nf3 Nc6 3.d4 cxd4 4.Nxd4 Qb6 5.Nb3 Nf6 6.Nc3 e6 7.a3 a6 8.Bf4 e5
9.Bg5 Be7 10.Bxf6 Bxf6 11.Nd5 Qd8 12.a4 d6 13.c3 Be6 14.Bc4 Bg5 15.a5 O-O 
16.O-O Kh8 17.Qe2 Bxd5 18.Bxd5 Ne7 19.Rfd1 Rb8 20.Qd3 Qc7 21.Nd2 Bxd2 22.
Rxd2 g6 23.Qc4 Nxd5 24.Qxd5 Rfd8 25.Ra4 b5 26.axb6 Rxb6 27.Qc4 Qb7 28.Qa2 
Kg7 29.h3 Rc8 30.Qa3 Rc5 31.Rxd6 Rxd6 32.Qxc5 Qe7 33.Kh2 Qf6 34.Qe3 Rd1 
35.Rb4 Rf1 36.Rb6 Qxf2 37.Qxf2 Rxf2 38.c4 Rc2 39.b3 Rc3 40.Rxa6 Rxb3 41.c5
Rc3 42.c6 Rc4 43.Ra5 Kf6 44.Ra6 Ke6 45.c7+ Kd7 46.Ra5 Rxe4 47.Rc5 Kc8 48.
Kg3 f6 49.Kf3 Rb4 50.Ke3 Rb2 51.g3 Rb3+ 52.Kf2 Rb7 53.Rc6 f5 54.Re6 e4 55.
g4 Rxc7 56.Re8+ Kd7 57.Rf8 Ke7 0-1

[Event "8th EUR-ch"]
[Site "Dresden GER"]
[Date "2007.04.11"]
[Round "8.159"]
[White "Potapov, Pavel"]
[Black "Kayser, Felix"]
[Result "1-0"]
[WhiteElo "2384"]
[BlackElo "2194"]
[EventDate "2007.04.03"]
[PlyCount "45"]

1.e4 d5 2.exd5 Qxd5 3.Nc3 Qa5 4.Bc4 Nf6 5.d3 c6 6.Bd2 Qc7 7.Qe2 Bf5 8.h3 
h5 9.Nf3 Nbd7 10.O-O Nb6 11.Bb3 e6 12.a4 a5 13.Ne4 Be7 14.Ng3 Bh7 15.Ne5 
Bd6 16.Rfe1 h4 17.Nh5 Kf8 18.Nxf6 gxf6 19.Bh6+ Ke7 20.Ng4 Nd7 21.Bxe6 Be5 
22.Bxd7 Kxd7 23.d4 1-0

[Event "8th EUR-ch"]
[Site "Dresden GER"]
[Date "2007.04.11"]
[Round "8.160"]
[White "Savickas, Airidas"]
[Black "Van Hoolandt, Patrick"]
[Result "1/2-1/2"]
[WhiteElo "2372"]
[BlackElo "2205"]
[EventDate "2007.04.03"]
[PlyCount "160"]

1.e4 e5 2.Nf3 Nc6 3.Bc4 Bc5 4.c3 Nf6 5.d3 a6 6.Nbd2 O-O 7.Bb3 h6 8.Nf1 d5 
9.Qe2 Be6 10.Ng3 dxe4 11.dxe4 Bxb3 12.axb3 Qd6 13.b4 Bb6 14.Nd2 Qe6 15.Qc4
Ng4 16.O-O Qf6 17.Nf3 Rad8 18.h3 Nxf2 19.Rxf2 Rd1+ 20.Nf1 Rfd8 21.Qe2 Qg6 
22.Ne1 Kh7 23.b3 R8d6 24.Bb2 Bxf2+ 25.Kxf2 Rxa1 26.Bxa1 Qg5 27.Bb2 Ne7 28.
Nf3 Qf6 29.Ne3 Ng6 30.g3 Qd8 31.Bc1 f6 32.Ne1 Qd7 33.Nf5 Rd1 34.Be3 Rb1 
35.Qc2 Qd1 36.Qxd1 Rxd1 37.Ke2 Rb1 38.Bd2 Rxb3 39.Ne3 Ra3 40.Nc4 Ra2 41.
Kd1 b5 42.Na5 c5 43.Nc2 cxb4 44.cxb4 Ne7 45.Kc1 Nc8 46.Kb1 Ra4 47.Nb7 Kg6 
48.Nc5 Nd6 49.Nxa4 bxa4 50.Kb2 Nxe4 51.Be1 Kf5 52.Ne3+ Ke6 53.Ka3 Nd6 54.
Kxa4 Nb7 55.Kb3 f5 56.Kc4 f4 57.Nf1 a5 58.gxf4 exf4 59.h4 g6 60.Kd4 Nd6 
61.Nd2 Kf5 62.Kd5 Ne8 63.Nb3 g5 64.hxg5 Kxg5 65.Ke4 Kg4 66.Nc5 Nd6+ 67.Kd5
Nb5 68.Ke5 f3 69.Ke4 Nc3+ 70.Kd3 Nd5 71.Ne4 a4 72.Kd4 Ne7 73.Ke3 Nf5+ 74.
Kf2 Kf4 75.Nc5 a3 76.Bd2+ Ke5 77.Kxf3 Kd5 78.Be1 Nd4+ 79.Kg3 Nc2 80.Bd2 
Kc4 1/2-1/2